[Event "Dubai op-B 23rd"]
[Site "Dubai"]
[Date "2023.06.01"]
[Round "6"]
[White "Tamer Wageih, Fareed"]
[Black "Barretto, Franz"]
[Result "0-1"]
[WhiteElo "1866"]
[BlackElo "2130"]
[PlyCount "102"]
[EventDate "2023.05.27"]
[EventType "swiss"]
[EventRounds "9"]
[EventCountry "UAE"]
[SourceTitle "CBM 214 Extra"]
[Source "ChessBase"]
[SourceDate "2023.07.31"]
[SourceVersion "1"]
[SourceVersionDate "2023.07.31"]
[SourceQuality "1"]

1. e4 c5 2. c3 d5 3. exd5 Qxd5 4. Nf3 Nf6 5. Na3 a6 6. Be2 e6 7. Nc4 Nbd7 8. d4 b6 9. Nfe5 Nxe5 10. Nxe5 cxd4 11. cxd4 Bb4+ 12. Kf1 0-0 13. Bf3 Ne4 14. g3 Bb7 15. Kg2 Rfd8 16. Be3 Rac8 17. Qe2 Be7 18. Rhe1 f5 19. h4 Rc7 20. Rac1 Rdc8 21. Rxc7 Rxc7 22. a3 Bf6 23. Rd1 Qd8 24. Bxe4 Bxe4+ 25. f3 Rc2 26. Rd2 Rxd2 27. Bxd2 Bb7 28. Bc3 Qd5 29. Nd3 Kf7 30. Ne5+ Ke8 31. Qc4 h6 32. Qe2 g5 33. hxg5 hxg5 34. Kf2 Bxe5 35. dxe5 g4 36. Qe3 gxf3 37. Qxb6 Kf7 38. Qd4 Qb5 39. Qe3 Kg6 40. Bd2 Kf7 41. Bc3 Bd5 42. Qa7+ Kg6 43. Qe3 Qb3 44. Qd2 Qc4 45. Bd4 Qc8 46. Be3 Qh8 47. Bf4 Qh2+ 48. Ke3 Qg1+ 49. Qf2 Qc1+ 50. Kd4 Qc4+ 51. Ke3 Qc5+ 0-1

[Event "Ramadan Masters Online"]
[Site "Chess.com INT"]
[Date "2020.05.08"]
[Round "8"]
[White "Barretto, Franz"]
[Black "Garbea, Bogdan"]
[Result "1-0"]
[WhiteElo "2130"]
[BlackElo "2280"]
[PlyCount "79"]
[EventDate "2020.05.08"]
[EventType "swiss (blitz)"]
[EventRounds "12"]
[EventCountry "USA"]
[SourceTitle "CBM 196 Extra"]
[Source "ChessBase"]
[SourceDate "2020.07.31"]
[SourceVersion "1"]
[SourceVersionDate "2020.07.31"]
[SourceQuality "1"]

1. d4 Nf6 2. c4 g6 3. Nc3 Bg7 4. Nf3 d6 5. e4 0-0 6. Be2 Nbd7 7. 0-0 e5 8. Re1 Re8 9. d5 Nh5 10. Rb1 a5 11. a3 Nf4 12. Bf1 f5 13. exf5 gxf5 14. g3 Ng6 15. Ng5 Ndf8 16. Qh5 Qf6 17. c5 h6 18. Nf3 e4 19. Nd2 dxc5 20. Nc4 Ne5 21. Nxe5 Rxe5 22. Nb5 f4 23. Qd1 fxg3 24. hxg3 Re7 25. Bf4 Ng6 26. Bxc7 Rf7 27. Qd2 Bg4 28. Bg2 Bf3 29. d6 Nh4 30. Bf1 Bg4 31. Rxe4 Bf3 32. Rf4 Qg6 33. Rxh4 Be4 34. Re1 Bc6 35. Nc3 Raf8 36. Re2 Kh8 37. Bb6 Kh7 38. Bxc5 Bf3 39. Re1 Bf6 40. Bd3 1-0

[Event "World op 47th"]
[Site "Philadelphia"]
[Date "2019.07.03"]
[Round "1"]
[White "Barretto, Franz"]
[Black "Andriasian, Zaven"]
[Result "0-1"]
[WhiteElo "2146"]
[BlackElo "2589"]
[PlyCount "94"]
[EventDate "2019.07.03"]
[EventType "swiss"]
[EventRounds "9"]
[EventCountry "USA"]
[SourceTitle "CBM 191 Extra"]
[Source "ChessBase"]
[SourceDate "2019.09.30"]
[SourceVersion "1"]
[SourceVersionDate "2019.09.30"]
[SourceQuality "1"]

1. d4 g6 2. Nf3 Bg7 3. c3 Nf6 4. h3 c5 5. dxc5 0-0 6. Be3 Na6 7. Nbd2 Qc7 8. Nb3 b6 9. cxb6 axb6 10. g3 Nc5 11. Bg2 Bb7 12. 0-0 Rfd8 13. Nfd4 Bxg2 14. Kxg2 d5 15. f4 Nfe4 16. Rf3 e6 17. Nb5 Qd7 18. Nxc5 bxc5 19. a4 Qc6 20. Kh2 h5 21. Rc1 c4 22. Ra1 Ra6 23. Rf1 Rda8 24. Qc2 Ra5 25. Bd4 Bf8 26. Rfd1 Be7 27. h4 Bc5 28. e3 Be7 29. b4 cxb3 30. Qxb3 Nc5 31. Bxc5 Qxc5 32. Nd4 Bd6 33. Qb4 Qxb4 34. cxb4 Bxb4 35. Nc6 Rxa4 36. Rxa4 Rxa4 37. Nxb4 Rxb4 38. Kg2 Kg7 39. Kf3 Rb3 40. Kf2 Kf6 41. Rd2 Kf5 42. Kf3 f6 43. Rd1 Rb5 44. Rd4 Rc5 45. Ra4 e5 46. fxe5 fxe5 47. Ra6 Rc2 0-1

[Event "Dubai op 20th"]
[Site "Dubai"]
[Date "2018.04.10"]
[Round "9"]
[White "Sindarov, Javokhir"]
[Black "Barretto, Franz"]
[Result "1-0"]
[WhiteElo "2431"]
[BlackElo "2099"]
[PlyCount "75"]
[EventDate "2018.04.02"]
[EventType "swiss"]
[EventRounds "9"]
[EventCountry "UAE"]
[SourceTitle "CBM 183 Extra"]
[Source "ChessBase"]
[SourceDate "2018.04.19"]
[SourceVersion "1"]
[SourceVersionDate "2018.04.19"]
[SourceQuality "1"]

1. e4 c5 2. Nc3 Nc6 3. g3 g6 4. Bg2 Bg7 5. d3 e6 6. Be3 d6 7. Nh3 h5 8. f4 Nd4 9. 0-0 Ne7 10. Ng5 Rb8 11. Qd2 b5 12. Nd1 b4 13. c3 bxc3 14. bxc3 Qa5 15. cxd4 Qxd2 16. Bxd2 Bxd4+ 17. Ne3 f6 18. Nf3 Bxa1 19. Rxa1 Ba6 20. e5 fxe5 21. fxe5 d5 22. Ng5 Bxd3 23. Nxe6 d4 24. Nd5 Rb1+ 25. Rxb1 Bxb1 26. Bg5 Nxd5 27. Bxd5 Bf5 28. Nxc5 Rh7 29. Bc6+ Kf7 30. Kf2 Be6 31. Ba4 Rh8 32. Bf6 Rb8 33. Nxe6 Kxe6 34. Bb3+ Kf5 35. Ke2 g5 36. Kd3 h4 37. gxh4 gxh4 38. Bxh4 1-0

[Event "Subic Bay Puregold op-B"]
[Site "Subic Bay"]
[Date "2016.12.14"]
[Round "2"]
[White "Rilloraza, Istraelito"]
[Black "Barretto, Franz"]
[Result "1-0"]
[WhiteElo "1962"]
[BlackElo "2105"]
[PlyCount "71"]
[EventDate "2016.12.13"]
[EventType "swiss"]
[EventRounds "9"]
[EventCountry "PHI"]
[SourceTitle "EXT 2018"]
[Source "ChessBase"]
[SourceDate "2017.10.13"]
[SourceVersion "1"]
[SourceVersionDate "2017.10.13"]
[SourceQuality "1"]

1. d4 Nf6 2. c4 g6 3. Nc3 Bg7 4. e4 d6 5. Nf3 0-0 6. Be2 Na6 7. 0-0 c5 8. e5 Ne8 9. exd6 Nxd6 10. d5 e5 11. Bg5 f6 12. Be3 h6 13. Nd2 b6 14. a3 Nf5 15. Bd3 Bd7 16. Rb1 Qe8 17. b4 Nd4 18. Re1 f5 19. f3 Qf7 20. bxc5 Nxc5 21. Bf1 Kh7 22. Bf2 Rae8 23. a4 Rb8 24. Bg3 Rbe8 25. Nb5 Qf6 26. Rb4 a5 27. Rb1 Bxb5 28. cxb5 e4 29. fxe4 Nxe4 30. Nxe4 fxe4 31. Qg4 h5 32. Qh4 Qf5 33. Rbc1 Qxd5 34. Rc7 Qf5 35. Bc4 e3 36. Qxd4 1-0

[Event "Penang op 6th"]
[Site "Penang"]
[Date "2014.12.08"]
[Round "1"]
[White "Liu, Hongyan"]
[Black "Barretto, Franz"]
[Result "1-0"]
[WhiteElo "2049"]
[BlackElo "2158"]
[PlyCount "73"]
[EventDate "2014.12.08"]
[EventType "swiss"]
[EventRounds "9"]
[EventCountry "MAS"]
[SourceTitle "CBM 163 Extra"]
[Source "ChessBase"]
[SourceDate "2014.12.23"]
[SourceVersion "1"]
[SourceVersionDate "2014.12.23"]
[SourceQuality "1"]

1. d4 Nf6 2. c4 e6 3. g3 Bb4+ 4. Bd2 a5 5. Bg2 d5 6. Qc2 0-0 7. Nf3 Nc6 8. 0-0 Bd7 9. b3 Ne4 10. Bf4 a4 11. bxa4 g5 12. Be3 f5 13. Qb3 dxc4 14. Qxc4 Rxa4 15. Qc2 Ra5 16. Nbd2 g4 17. Ne5 Nxd4 18. Bxd4 Nxd2 19. Bc3 Ba4 20. Qxd2 Qxd2 21. Bxd2 Bxd2 22. Nc4 Rd8 23. Nxa5 Bxa5 24. Bxb7 Rd2 25. Ba6 Kf7 26. e3 h5 27. h4 e5 28. Bc4+ Kf6 29. Bb3 Bc6 30. Rfd1 Rb2 31. Rab1 Re2 32. Rbc1 Bf3 33. Rd7 Kg6 34. Bd5 Bxd5 35. Rxd5 Rxa2 36. Rc6+ Kf7 37. Rxe5 1-0